Statistiques concernant Pays ayant les plus longues côtes

Cliquez ici pour prendre le quiz!

Statistiques générales

  • Ce quiz a été pris 31 672 fois
    (5 657 depuis la dernière actualisation)
  • Le résultat moyen est 17 sur 20

Statistiques - réponses

kmpays% Correct
69 500Etats-Unis
99%
73 100Russie
99%
137 000Canada
98%
34 100Australie
97%
18 700Brésil
97%
16 800Chine
96%
31 300Chili
94%
12 200France
93%
11 000Inde
93%
15 500Japon
92%
15 600Mexique
90%
27 400Norvège
86%
52 500Indonésie
86%
16 700Royaume-Uni
85%
10 300Nouvelle-Zélande
81%
48 800Danemark
(avec le Groenland)
75%
6 520Suède
75%
17 300Philippines
65%
9 480Grèce
57%
11 200Papouasie-Nouvelle-Guinée
35%

Distribution des résultats

Percentile par nombre de réponses

% des personnes avec chaque résultat

Votre développement - résultats

Vous n’avez pas pris ce quiz depuis la dernière actualisation